00479nam a2200169Ia 4500020001800000082001900018100001500037245008700052260003700139300000900176504001900185650001100204650001500215650001500230650002100245650004300266 a9788131607688 a305.5688 LAL-P aLal, Shyam 0aPolitics of the untouchables: Congress and the Bhangis: a socio-political analysis aJaipurbRawat Publicationsc2016 a224p aincludes index aDalits aScavengers aRagpickers aPoliical parties aAkhil Bharatiya Safai Mazdoor Congress